LEADER 01304nam a2200289 u 4500 001 000000092219 003 CaOOAMICUS 005 20131216131515.0 008 060509s2005 it u000 u ita u 020 $a88-7431-291-1 035 $a11088345 040 $aPUL$bita 100 1 $aLissa, Giuseppe.$0(OLS)http://pul/name/59462 245 13$aIl primato della politica e le sfide dell'etica :$bPercorsi etici del Positivismo /$cGiuseppe Lissa. 260 $aNapoli :$bGiannini,$c2005. 300 $axi, 269 p. ;$c22 cm 490 1 $aCultura Filosofica e Scienze Umane ;$v6 504 $aInclude riferimenti bibliografici. 600 14$aLabriola, Antonio,$d1843-1904$xFilosofia.$0(OLS)http://pul/subject/23054 650 4$aPositivismo logico.$0(OLS)http://pul/subject/454 830 0$aCultura Filosofica e Scienze Umane ;$v6.$0(OLS)http://pul/title/119029 850 $aPUL 852 $aPUL$W1$xSL Filosofia 3$y81$m172 LISGI 1$j116017$nBK-PRI$b $qDDC 21$B116017$CPULBib$Z2$F116017 $HPUL100868 $81 941 1 $a9 996 $6020$a88-7431-291-1$9(OLS)http://pul/number/121092 996 $6245$aIl primato della politica e le sfide dell'etica :$bPercorsi etici del Positivismo$9(OLS)http://pul/title/119028 996 $6260$aNapoli :$bGiannini$9(OLS)http://pul/publisher/48533 LEADER 01684namaa2200397 i 4500 001 000000177836 003 CaOOAMICUS 005 20250610111337.0 007 tu 008 250610s2002 it 000 u ita r 020 $a88-7016-405-5* 040 $aPUL$bita$erda 082 0 $a215 100 1 $aMcGrath, Alister E.,$d1953-,$eautore.$0(OLS)http://pul/name/26605 240 10$aThe Foundations of dialogue in science and religion.$lItaliano.$0(OLS)http://pul/title/219390 245 10$aScienza e fede in dialogo :$bi fondamenti /$cAlister E. McGrath ; edizione italiana a cura di Aldo Comba e Stefano Frache. 264 4$cİ2002. 264 1$aTorino :$bClaudiana,$c[2002] 300 $a311 pagine ;$c24 cm 336 $atesto$btxt$2rdacontent 337 $asenza mediazione$bn$2rdamedia 338 $avolume$bnc$2rdacarrier 490 1 $aTheologica ;$v1 504 $aBibliografia: p. 251-291. 700 1 $aFrache, Stefano,$ecuratore.$0(OLS)http://pul/name/52950 700 1 $aComba, Aldo,$d1924-2024,$ecuratore.$0(OLS)http://pul/name/12677 830 0$aTheologica (Claudiana) ;$v1.$0(OLS)http://pul/title/104069 850 $aPUL 852 $aPUL$W1$xSL Religione 3$y85$m215 MCGAL 1$j201752$qDDC 21$B206810$CPULBib$Z2$F206810 $H137933 $82 941 1 $a9 996 $6020$a88-7016-405-5*$9(OLS)http://pul/number/170416 996 $6082$a215$9(OLS)http://pul/classification/503 996 $6245$aScienza e fede in dialogo :$bi fondamenti$9(OLS)http://pul/title/219389 996 $6264$aTorino :$bClaudiana$9(OLS)http://pul/publisher/48072 996 $6264$a[S.l.] :$b[s.n.]$9(OLS)http://pul/publisher/0